Funny Television Quiz Stats

Quiz Updated Jan 16, 2016

Challenge
Share
Tweet
Score 0/18 Timer 06:00
0 Plays Today
% Correct
The Simpsons
99.8%
South Park
98%
SpongeBob SquarePants
96.4%
Family Guy
96.3%
How I Met Your Mother
95.6%
The Office
93.3%
Scrubs
93%
Futurama
91.2%
Batman: The Animated Series
85.4%
% Correct
The Powerpuff Girls
83.8%
Breaking Bad
83.4%
Seinfeld
82.6%
That '70s Show
82.3%
My Little Pony: Friendship is Magic
78.7%
Parks and Recreation
76.8%
The Ren & Stimpy Show
73%
Married... with Children
72.7%
Family Matters
71.4%

You're not logged in!

Compare scores with friends on all Sporcle quizzes.
Join for Free
OR
Log In

You Might Also Like...

Show Comments

Extras

Top Quizzes Today


Score Distribution

Your Account Isn't Verified!

In order to create a playlist on Sporcle, you need to verify the email address you used during registration. Go to your Sporcle Settings to finish the process.

Report this User

Report this user for behavior that violates our Community Guidelines.

Details: